00683 2200205 4500001002100000005001500021035002000036007000300056008004100059082001700100084002300117100006600140245007800206260008400284300002800368650001000396600001800406856002900424990002400453INLIS00000000000843720260618075958 a0010-0626000006ta260618 0 ind  a634.3:631.52 a634.3:631.52 DIN i0 aDinas Pertanian Tanaman Pangan Prop. Dati I Sulawesi Tenggara1 aIdentifikasi Jeruk Siompu Sebagai Plasma Nutfah Dan Upaya Pengembangannya aKendari :bDinas Pertanian Tanaman Pangan Prop. Dati I Sulawesi Tenggara,c1992 a53p. :bIlus ;c27.5 cm 4aJeruk 4aPlasma Nutfah aPerpustakaan BBRMP JATIM a586/2026/BBRMPJATIM